<?xml version="1.0" encoding="UTF-8"?><?xml-stylesheet type="text/xsl" href="static/style.xsl"?><OAI-PMH xmlns="http://www.openarchives.org/OAI/2.0/" xmlns:xsi="http://www.w3.org/2001/XMLSchema-instance" xsi:schemaLocation="http://www.openarchives.org/OAI/2.0/ http://www.openarchives.org/OAI/2.0/OAI-PMH.xsd"><responseDate>2026-05-14T06:38:56Z</responseDate><request verb="GetRecord" identifier="oai:riubu.ubu.es:10259/8575" metadataPrefix="marc">https://riubu.ubu.es/oai/request</request><GetRecord><record><header><identifier>oai:riubu.ubu.es:10259/8575</identifier><datestamp>2024-02-06T01:05:27Z</datestamp><setSpec>com_10259.4_2548</setSpec><setSpec>com_10259_5086</setSpec><setSpec>com_10259_2604</setSpec><setSpec>col_10259_8569</setSpec></header><metadata><record xmlns="http://www.loc.gov/MARC21/slim" xmlns:doc="http://www.lyncode.com/xoai" xmlns:xsi="http://www.w3.org/2001/XMLSchema-instance" xmlns:dcterms="http://purl.org/dc/terms/" xsi:schemaLocation="http://www.loc.gov/MARC21/slim http://www.loc.gov/standards/marcxml/schema/MARC21slim.xsd">
<leader>00925njm 22002777a 4500</leader>
<datafield tag="042" ind1=" " ind2=" ">
<subfield code="a">dc</subfield>
</datafield>
<datafield tag="720" ind1=" " ind2=" ">
<subfield code="a">Sánchez Collantes, Sergio</subfield>
<subfield code="e">author</subfield>
</datafield>
<datafield tag="260" ind1=" " ind2=" ">
<subfield code="c">2019</subfield>
</datafield>
<datafield tag="520" ind1=" " ind2=" ">
<subfield code="a">El objetivo de este trabajo es desentrañar los orígenes y el proceso de configuración del republicanismo histórico asturiano, que puede darse por concluido al&#xd;
filo de la década de 1890, así como sus principales manifestaciones socioculturales. Iluminar los entresijos de ese fenómeno resulta decisivo para comprender mejor otros aspectos fundamentales de la historia social de Asturias, como por ejemplo el movimiento obrero, el debate feminista o el surgimiento de la política de&#xd;
masas. Y es que, como ha escrito Suárez Cortina, «un conocimiento detallado de la&#xd;
historia del republicanismo constituye una necesidad ineludible para una ajustada&#xd;
comprensión de la historia contemporánea de España».</subfield>
</datafield>
<datafield tag="024" ind2=" " ind1="8">
<subfield code="a">978-84-949602-6-0</subfield>
</datafield>
<datafield tag="024" ind2=" " ind1="8">
<subfield code="a">http://hdl.handle.net/10259/8575</subfield>
</datafield>
<datafield tag="245" ind1="0" ind2="0">
<subfield code="a">El pueblo a escena. Republicanismos y tradición democrática en la Asturias del siglo XIX</subfield>
</datafield>
</record></metadata></record></GetRecord></OAI-PMH>